| 000 | 00864nam a2200253Ia 4500 | ||
|---|---|---|---|
| 003 | OSt | ||
| 005 | 20220918111956.0 | ||
| 006 | a|||||r|||| 00| 0 | ||
| 007 | ta | ||
| 008 | 220915b |||||||| |||| 00| 0 hin d | ||
| 024 | _a269364 | ||
| 037 | _cTextbook | ||
| 040 |
_bhin _aARTS _cARTS |
||
| 041 | _ahin | ||
| 082 | _aO15:gxE25,1, 152K4;1(TTPH) | ||
| 100 |
_aत्रिपाठी, राममूर्ति _91697 |
||
| 245 | 0 | _aऔचित्य-विमर्श | |
| 246 | _aAuchitya-vimarsha | ||
| 260 |
_aइलाहाबाद _bभारती भंडार भारत _c1964 |
||
| 300 |
_a273पण् _ccm. |
||
| 650 | _aहिन्दी साहित्य | ||
| 942 |
_hO15:gxE25,1, 152K4;1(TTPH) _cTB _2CC |
||
| 999 |
_c117644 _d117644 |
||